000 00714nam a2200217Ia 4500
003 GCL
005 20240530103710.0
008 140319s9999 xx 000 0 ara d
040 _aGCL /
_cGCL
082 0 4 _a301.412/
_bع م
100 0 _aعبدالحافظ محمد سلامة
245 1 0 _aالمرأة /
_cعبدالحافظ محمد سلامة
250 _aالاولى
260 _aالاردن :
_bدار الفكر للنشر والتوزيع ،
_c1994
300 _a176 ص ؛
_c24 سم
490 _aكتاب
_v0
650 0 4 _aالمرأة فى الحياة العامة
650 0 4 _aالمرأة فى التاريخ
650 0 4 _aالمرأة - رعاية اجتماعية
942 _2ddc
_cBK
999 _c41775
_d41775